Сестри (Запис номер 178411)
[ съкратено ]
| 000 -Лидер | |
|---|---|
| Контролно поле с фиксирана дължина | 00877nam a2200277 a 4500 |
| 003 - Код на организацията, давaща контролен номер | |
| Контролно поле | BLK |
| 005 - Дата и час на последна редакция | |
| Контролно поле | 20240613111115.0 |
| 008 - Елементи от данни с фиксирана дължина | |
| fixed length control field | 180411b bul|||||r ||||||| ||bul|| |
| 020 ## - Международен стандартен номер на книга ISBN | |
| Международен стандартен номер на книга ISBN | 9789542819820 |
| 040 ## - Източник на каталожния запис | |
| Идентификатор на билиотеката - собственик на записа | BLK |
| 041 ## - Код за език | |
| Код за езика на текст/звукозапис или на отделно заглавие | Български |
| Код за езика КДБФ | Български |
| 080 ## - УДК | |
| Текстов определител УДК | Турска литература |
| УДК код - определител по УДК | 821.512.161 |
| УДК определител | -32 |
| УДК - код + определител | 821.512.161-32 |
| 100 1# - Редна дума - Автор | |
| Автор | Копан, Йекта |
| Авторска отговорност | първи автор |
| R(LIN) | 82246 |
| 139 ## - Редно поле | |
| Редна дума | Копан, Йекта |
| Авторски знак | Конф - К 84 |
| 245 10 - Сведения за заглавието | |
| Заглавие | Сестри |
| Редно поле (дума) | Йекта Копан ; прев. от тур. Елен Кирчева. |
| 257 ## - Страна на издаване | |
| Страна на създаване/издаване | Турция |
| 260 ## - Област на издателските данни | |
| Място на издаване, разпространение и проч. | София |
| Име на издателя, разпространителя и проч. | Сиела Норма |
| Година на издаване | 2016 |
| 300 ## - Физическа характеристика | |
| Страници | 112 с. |
| Размери/Мащаб | 21 см |
| 380 ## - Жанр | |
| Жанр | Худож. лит. |
| 500 ## - Общи забележки | |
| Забележка | Ориг. загл. Ailen cay bancesi / Yekta Kopan |
| 700 ## - Други автори (авторска отговорност) | |
| Лично име | Кирчева, Елен Димитрова |
| 9 (RLIN) | 443029 |
| 852 ## - Местоположение | |
| Фондова буква | Основен фонд - ползва се само за читалня |
| 856 4# - Електронен адрес и достъп | |
| Електронен формат | pdf - файл |
| 856 4# - Електронен адрес и достъп | |
| Електронен формат | pdf - файл |
| 942 ## - АРТИКУЛИ | |
| Вид на библиотечния материал | Книги |
| Скрит в OPAC | Не |
| 999 ## - СИСТЕМНИ КОНТРОЛНИ НОМЕРА | |
| Koha biblionumber | 178411 |
| Koha biblioitemnumber | 178411 |
| 944 ## - СЪЗДАВАНЕ И РЕДАКЦИЯ на ЗАПИСА | |
| Служител, извършил регистрацията/редакцията | 30550 |
| Статус, дата на статуса | Кети Илиева |
| Код за отписване | Код за изгубен артикул | Код за повреда | Коз за рестрикции | Код за отдаване | Артикулен № | Име на библиотеката - собственик | Име на библиотеката, в която се намира в момента | Статус (Текущо местоположение) | Дата на вписване в системата | Местоположение - отдел | Цена в лева | Инвентарен номер | Систематично азбучна сигнатура | Баркод | Номер на екземпляра | Цена в евро | Служебна бележка | Служебен тип на артикула | Източник на класификационната схема |
|---|---|---|---|---|---|---|---|---|---|---|---|---|---|---|---|---|---|---|---|
| Не е изгубен | Не е повреден | без рестрикции | заемане за дома | 306369 | Регионална библиотека "Любен Каравелов" Русе | Регионална библиотека "Любен Каравелов" Русе | Заемна - подръчен фонд | 2016-03-15 | Заемна - подръчен фонд | 5.95 | 120000798945 | П 894.35-32/К 84 | 120000798945 | 1 | 3.04 | Дост: Pk Вид: Ф N: 1326 Дата: 03.03.2016 Дата инв: 08.02.2018 Бележки инв: П2018 | Книги | ||
| Не е изгубен | Не е повреден | без рестрикции | заемане за дома | 306370 | Регионална библиотека "Любен Каравелов" Русе | Регионална библиотека "Любен Каравелов" Русе | Заемна - подръчен фонд | 2016-03-15 | Заемна - подръчен фонд | 5.95 | 120000798946 | П 894.35-32/К 84 | 120000798946 | 2 | 3.04 | Дост: Pk Вид: Ф N: 1326 Дата: 03.03.2016 Дата инв: 08.02.2018 Бележки инв: П2018 | Книги | ||
| Не е изгубен | Не е повреден | само за читалня | ползва се в читалня | 944301 | Регионална библиотека "Любен Каравелов" Русе | Регионална библиотека "Любен Каравелов" Русе | Хранилище | 2024-06-14 | Основен фонд - ползва се само за читалня | 11.90 | 120000909446 | Цб 323129 | 120000909446 | 6.08 | Книги | Universal Decimal Classification |